1942 1677 1847 1471 1122 1953 1054 1760 1462 1582 1789 1594 1174 1772 1930 1075 1934 1633 1663 1074 1818 1988 1385 1111 1661 1167 1424 1667 1208 1689 1643 1009 1516 1355 1746 1965 1458 1435 1699 1690 1239 1811 1620 1261 1917 1966 1714 1134 1618 1409 1921 1927 1325 1221 1908 1384 1770 1810 1673 1217 1020 1147 1158 1964 1772 1140 1746 1070 1429 1095 1203 1484 1675 1362 1364 1936 1762 1119 1365 1697 1456 1829 1904 1273 1191 1669 1849 1368 1446 1871 1308 1196 1889 1990 1399 1390 1523 1056 1119 BCNSPRNW ULIB Ver.6.0+V

เปลี่ยนเป็นภาษาไทย

Change to English
 แสดงรายละเอียดบรรณานุกรม
  กลับหน้าหลัก

Brief Record : Get Marc (ISO 2709) : E-mail record : QR code < ปิดหน้าต่าง
LEADER : 00000nam 2200000uu 4500
001    13399128255
003     ULIB
008    220826s2564||||th 000 0 tha d
020    ^a9786160042241
050    ^aนว.^bณ429ท
100  0 ^aณารา
245  1 ^aทัณฑ์รักพยาบาท /^cณารา
250    ^aพิมพ์ครั้งที่ 1
260    ^aกรุงเทพฯ :^bพิมพ์คำ,^c2564
300    ^a479 หน้า
650    ^aนวนิยายไทย
945    ^p330^l0^i29450
999    ^aกัณชพร จุลอักษร
รายการนี้ยังไม่มีแท็ก
คุณยังไม่ได้ล็อกอิน คุณสามารถมีกิจกรรมร่วมกับเว็บไซต์ได้ แต่ต้องล็อกอินก่อน ::
  ล็อกอิน

รายการสื่อสารสนเทศ

ลำดับที่ ประเภท เลขเรียก/บาร์โค้ด สถานที่ สถานะ
1. วิทยาศาสตร์การแพทย์ และสุขภาพ
วิทยาศาสตร์การแพทย์ และสุขภาพ
นว. ณ429ท ฉ.1 
  Barcode: 29450
ห้องสมุดวิทยาเขตนครสวรรค์
►นวนิยาย:l:Fiction
บนชั้น

รายการใกล้เคียง
    ผู้แต่ง [ณารา]

    หัวเรื่อง [นวนิยายไทย]

BibComment


ยังไม่เคยถูกคอมเมนท์

คอมเมนท์ทรัพยากรรายการนี้
  คอมเมนท์: ทัณฑ์รักพยาบาท ..


 Copyright 2026. Bcnsprnw @Library